[Event "34th Olympiad"]
[Site "Istanbul TUR"]
[Date "2000.10.30"]
[Round "3"]
[White "Erdogan,H"]
[Black "Nirosh,D"]
[Result "1-0"]
[WhiteElo "2217"]
[BlackElo "2162"]

1.d4 Nf6 2.c4 e6 3.Nc3 Bb4 4.f3 d5 5.a3 Bxc3+ 6.bxc3 b6 7.cxd5 exd5 8.e3 O-O
9.Bd3 Ba6 10.Ne2 Bxd3 11.Qxd3 Re8 12.O-O c5 13.Ng3 Nc6 14.Bd2 Qd7 15.Rad1 Rad8
16.Bc1 Na5 17.e4 Qc6 18.e5 c4 19.Qc2 Nd7 20.f4 f6 21.Rde1 fxe5 22.fxe5 g6
23.Bh6 Qe6 24.Re3 Qe7 25.e6 Nf8 26.Rf7 Qh4 27.Nf5 gxf5 28.Rxf8+ Rxf8 29.Rg3+ Kh8
30.Bg7+ Kg8 31.Be5+ Qxg3 32.Bxg3 Rde8 33.Qe2 Rf6 34.Qe5 Rfxe6 35.Qxd5 a6
36.Qxf5 Nb3 37.h4 b5 38.h5 Re3 39.Be5 Re1+ 40.Kh2 Rf8 41.Qg5+ Kf7 42.Qf6+ Ke8
43.Qxa6 Nd2 44.Qxb5+ Ke7 45.Qc5+ Ke8 46.Qc6+ Kf7 47.Qd7+ Kg8 48.Qg7+  1-0

[Event "Chigorin Mem"]
[Site "St Petersburg RUS"]
[Date "2000.11.01"]
[Round "2"]
[White "Simantsev,M"]
[Black "Kiriakov,P"]
[Result "1/2-1/2"]
[WhiteElo "2403"]
[BlackElo "2525"]

1.d4 e6 2.c4 Bb4+ 3.Nc3 Nf6 4.f3 d5 5.a3 Bxc3+ 6.bxc3 c6 7.e3 O-O 8.cxd5 cxd5
9.Bd3 b6 10.Ne2 Ba6 11.O-O Qc8 12.e4 Bxd3 13.Qxd3 Qa6 14.Qxa6  1/2-1/2

[Event "Chigorin Mem"]
[Site "St Petersburg RUS"]
[Date "2000.11.04"]
[Round "4"]
[White "Volkov,S"]
[Black "Ulko,J"]
[Result "0-1"]
[WhiteElo "2554"]
[BlackElo "2456"]

1.d4 Nf6 2.c4 e6 3.Nc3 Bb4 4.f3 d5 5.a3 Bxc3+ 6.bxc3 c5 7.cxd5 Nxd5 8.dxc5 Qa5
9.e4 Nc7 10.Qd4 f6 11.Qb4 Nc6 12.Qxa5 Nxa5 13.Rb1 Bd7 14.c4 Ba4 15.Rb4 Bb3
16.Nh3 O-O-O 17.Be2 Ba2 18.Nf4 Rhe8 19.Nh5 Re7 20.e5 Rf7 21.exf6 gxf6 22.Kf2 Nb3
23.Be3 Na6 24.Ra4 Nbxc5 25.Bxc5 Nxc5 26.Rxa7 Kc7 27.Ra5 Kc6 28.Ke3 b6 29.Rb5 Ra8
30.Kf2 Rxa3 31.Ra1 Ra4 32.Rb2 Bb3 33.Rxa4 Bxa4 34.g4 e5 35.h4 Ne6 36.Ra2 Bb3
37.Ra8 f5 38.g5 Nd4 39.Bf1 Bd1 40.Nf6 Bxf3 41.Rh8 Ra7 42.Rxh7 Ra2+ 43.Ke1 Rh2
44.Bd3 e4 45.Rd7 e3  0-1

[Event "4th OIBM"]
[Site "Bad Wiessee GER"]
[Date "2000.11.05"]
[Round "9"]
[White "Golod,V"]
[Black "Martinovic,S"]
[Result "1-0"]
[WhiteElo "2590"]
[BlackElo "2448"]

1.d4 Nf6 2.c4 e6 3.Nc3 Bb4 4.f3 c5 5.d5 Bxc3+ 6.bxc3 d6 7.e4 Qe7 8.Ne2 Nbd7
9.Ng3 Nf8 10.Bd3 e5 11.O-O h6 12.Rb1 Qc7 13.Rf2 Ng6 14.Nf5 O-O 15.Be3 Kh8
16.Qd2 Nh7 17.Kh1 Bd7 18.g4 Rae8 19.Rg1 f6 20.h4 Ne7 21.Rh2 Rf7 22.g5 fxg5
23.hxg5 hxg5 24.Rxg5 Ref8 25.Rxh7+  1-0

[Event "ch-POL Semi-Finals"]
[Site "Polanczyk POL"]
[Date "2000.11.05"]
[Round "2"]
[White "Zaskalski,P"]
[Black "Jakubowski,K"]
[Result "0-1"]
[WhiteElo "2088"]
[BlackElo "2364"]

1.d4 Nf6 2.c4 e6 3.Nc3 Bb4 4.f3 c5 5.d5 exd5 6.cxd5 O-O 7.a3 Bxc3+ 8.bxc3 d6
9.e4 Nbd7 10.Bd3 Nh5 11.Ne2 Ne5 12.O-O f5 13.Nf4 Nxf4 14.Bxf4 fxe4 15.fxe4 Bg4
16.Be2 Bxe2 17.Qxe2 Qe7 18.Rf2 Ng6 19.Raf1 Nxf4 20.Rxf4 Qe5 21.Rxf8+ Rxf8
22.Rxf8+ Kxf8 23.Qg4 b5 24.Qc8+ Kf7 25.Qd7+ Kf6 26.h3 h6 27.Kh1 a5 28.Qd8+ Kg6
29.Qxa5 Qxe4 30.Qxb5 Qe1+ 31.Kh2 Qxc3 32.Qe8+ Kg5 33.Qe7+ Qf6 34.Qb7 c4 35.Qc6 c3
36.a4 Qf4+ 37.Kh1 Qd2 38.Qc7 c2 39.Qe7+ Kf4 40.Qxd6+ Ke3 41.Qc5+ Ke2  0-1

[Event "34th Olympiad"]
[Site "Istanbul TUR"]
[Date "2000.11.07"]
[Round "10"]
[White "Erdogan,H"]
[Black "Olsen,H"]
[Result "0-1"]
[WhiteElo "2217"]
[BlackElo "2313"]

1.d4 Nf6 2.c4 e6 3.Nc3 Bb4 4.f3 d5 5.a3 Bxc3+ 6.bxc3 c5 7.cxd5 Nxd5 8.dxc5 Qa5
9.e4 Nf6 10.Be3 Nfd7 11.Qb3 O-O 12.a4 Qc7 13.Qa3 b6 14.Bb5 Nxc5 15.a5 Ba6
16.Bxc5 bxc5 17.c4 Bc8 18.Qc3 Nc6 19.Bxc6 Qxc6 20.Ne2 Ba6 21.Nf4 Rfd8 22.O-O Rd4
23.Rfc1 Rad8 24.Qe3 Bxc4 25.Rab1 e5 26.Nh5 f6 27.Ng3 Rd3 28.Qf2 Rd2 29.Nf5 Rxf2
30.Ne7+ Kf7 31.Nxc6 Rdd2 32.Rb7+ Kg6 33.Kh1 Bf1 34.Ne7+ Kh5 35.Nf5 Bxg2+
36.Kg1 Bxf3 37.Rxg7 Rg2+ 38.Rxg2 Rxg2+ 39.Kf1 Rxh2 40.Rxc5 Kg4 41.Ne3+ Kf4
42.Nd5+ Kg3 43.Ke1 Re2+ 44.Kf1 Rxe4 45.Rc3 Ra4 46.Ke1 Ra1+ 47.Kd2 Rd1+  0-1

[Event "Tch-ISL"]
[Site "Reykjavik ISL"]
[Date "2000.11.17"]
[Round "1"]
[White "Halldorsson,Br"]
[Black "Thorhallsson,G"]
[Result "1/2-1/2"]
[WhiteElo "2244"]
[BlackElo "2273"]

1.d4 e6 2.c4 Nf6 3.Nc3 Bb4 4.f3 d5 5.a3 Bxc3+ 6.bxc3 h6 7.e3 c5 8.cxd5 exd5
9.Bd3 O-O 10.Ne2 Nc6 11.O-O Re8 12.Re1 Bd7 13.Ra2 Rc8 14.Ng3 Rc7 15.Rf2 Qc8
16.Bb2 cxd4 17.cxd4 Na5 18.e4 Nc4 19.Bc1 dxe4 20.fxe4 Bg4 21.Qb3 Nxa3 22.Qxa3 Rc3
23.Qb2 Rxd3 24.Bxh6 Qd7 25.Bxg7 Nxe4 26.Nxe4 Rxe4 27.Rxe4 Rd1+ 28.Rf1 Rxf1+
29.Kxf1 Qf5+ 30.Qf2 Qxe4 31.Be5 Qd3+ 32.Kg1 Qd1+ 33.Qf1 Qxf1+ 34.Kxf1 Be6
35.Bb8 a6 36.Ke2 Bd5 37.g3 Kf8 38.Kd3 Ke7 39.Kc3 Kd7 40.Kb4 b6 41.Bf4 Kc6
42.h4 Bf3 43.Bg5 a5+ 44.Ka3 Kb5 45.Be7 Ka6 46.Bd6 b5 47.Be7 b4+ 48.Bxb4 axb4+
49.Kxb4 Kb6 50.Kc4 Kc6 51.Kd3 Kd5 52.Ke3 Bd1 53.Kf4 Ke6 54.Kg5 Bf3 55.g4 Bd1
56.d5+ Ke5 57.h5 Bc2 58.Kh6 Kxd5 59.Kg7 Ke6 60.g5 Ke7 61.g6 Bxg6 62.hxg6 fxg6
63.Kxg6  1/2-1/2

[Event "TCh-FIN 00-01"]
[Site "FIN"]
[Date "2000.11.18"]
[Round "4"]
[White "Yrjola,J"]
[Black "Tolonen,L"]
[Result "1/2-1/2"]
[WhiteElo "2427"]
[BlackElo "2325"]

1.d4 e6 2.c4 Nf6 3.Nc3 Bb4 4.f3 c5 5.d5 exd5 6.cxd5 O-O 7.e4 Re8 8.Ne2 d6
9.Ng3 a6 10.Be2 b5 11.a4 bxa4 12.Qxa4 Nbd7 13.O-O Nb6 14.Qc2 Qc7 15.Na2 a5
16.b3 Nfd7 17.Bb2 f6 18.Bb5 Rd8 19.Kh1 Nf8 20.Nh5 Bd7 21.Bd3 Be8 22.Nf4 Bf7
23.Bb5 Be8 24.Bd3 Bf7 25.Bb5 Be8  1/2-1/2

[Event "Scaccomatto"]
[Site "Torino ITA"]
[Date "2000.11.21"]
[Round "4"]
[White "Ulibin,M"]
[Black "Quinn,M"]
[Result "1-0"]
[WhiteElo "2583"]
[BlackElo "2381"]

1.d4 Nf6 2.c4 e6 3.Nc3 Bb4 4.f3 d5 5.a3 Bxc3+ 6.bxc3 c5 7.cxd5 Nxd5 8.dxc5 Qa5
9.e4 Nc7 10.Qd4 O-O 11.Qb4 Nc6 12.Qxa5 Nxa5 13.Bf4 Ne8 14.Rb1 a6 15.Ne2 f6
16.Be3 e5 17.Ng3 Be6 18.Rb6 Nc7 19.Be2 Rae8 20.Kf2 Bc8 21.h4 g6 22.h5 Re6
23.hxg6 hxg6 24.Rhb1 f5 25.Bh6 Rf7 26.exf5 gxf5 27.Rd1 Rff6 28.Bg5 Rf8 29.Nh5 Ne8
30.Rd8 Nf6 31.Rxf8+  1-0

[Event "Autumn Cup GM"]
[Site "Bucharest ROM"]
[Date "2000.11.28"]
[Round "8"]
[White "Simantsev,M"]
[Black "Parligras,M"]
[Result "1/2-1/2"]
[WhiteElo "2403"]
[BlackElo "2441"]

1.d4 Nf6 2.c4 e6 3.Nc3 Bb4 4.f3 d5 5.a3 Bxc3+ 6.bxc3 c5 7.cxd5 Nxd5 8.dxc5 Qa5
9.e4 Nc7 10.Qd4 f6 11.Qb4 Nc6 12.Qxa5 Nxa5 13.Rb1 Bd7 14.Nh3 e5 15.Nf2 O-O-O
16.Be2 Ne6 17.Be3 Kb8 18.O-O Rc8 19.Rfd1 Ba4 20.Rd5 Bb3 21.Rd7 Rhd8 22.Rxd8 Rxd8
23.g3 Rc8 24.Nd3 Bc4 25.Rb4 Bxd3 26.Bxd3 Nxc5 27.Be2 Ncb3 28.c4 Rd8 29.Kf2 Nd4
30.c5 Nxe2 31.Kxe2 Kc7 32.f4 Nc6 33.Ra4 a6 34.Rc4 h6 35.f5 Rd7 36.h4 Na7
37.a4 Nc6 38.g4 Nd8 39.Rc3 Nc6 40.Rd3 Rxd3 41.Kxd3 Kd7 42.Kc4 Ke7 43.Bd2 Kd7
44.Bc3 Ke7 45.Kd5 Kd7 46.Bd2 Ne7+ 47.Kc4 Nc6 48.Be1 Ke7 49.Bf2 Kd7 50.Be3 Ke7
51.g5 h5 52.g6 Kd7 53.Bf2  1/2-1/2

[Event "Open"]
[Site "Mallorca ESP"]
[Date "2000.12.03"]
[Round "2"]
[White "Moskalenko,V"]
[Black "Mascaro March,P"]
[Result "1/2-1/2"]
[WhiteElo "2508"]
[BlackElo "2213"]

1.d4 Nf6 2.c4 e6 3.Nc3 Bb4 4.f3 d5 5.a3 Bxc3+ 6.bxc3 c5 7.cxd5 exd5 8.e3 Qc7
9.g4 O-O 10.Ne2 Re8 11.Bg2 Nc6 12.O-O h6 13.Nf4 cxd4 14.cxd4 b6 15.h4 Ba6
16.g5 Bxf1 17.Kxf1 hxg5 18.hxg5 Nh7 19.Nxd5 Qd7 20.f4 Rac8 21.Bd2 Ne7 22.Nxe7+ Rxe7
23.Qb3 Qf5 24.Kg1 Rec7 25.e4 Qg4 26.Qh3 Qe2 27.Qe3 Qb5 28.e5 Qb2 29.Rf1 Rc4
30.d5 Qd4 31.g6 fxg6 32.d6 Nf8 33.Qxd4 Rxd4 34.Be3 Rd3 35.Re1 Kf7 36.Be4 Rxa3
37.Kf2 Ne6 38.Rd1 Nf8 39.Bd5+ Ke8 40.e6 Rc2+ 41.Kf3 Rcc3 42.Re1 Ra5 43.Ke4 Nh7
44.Rh1 Rxe3+ 45.Kxe3 Rxd5 46.d7+ Ke7 47.Rxh7 Kxe6 48.Rxg7 Rxd7 49.Rxg6+ Kf5
50.Rg5+ Kf6 51.Rb5 Ke6  1/2-1/2

[Event "FSIMA December"]
[Site "Budapest HUN"]
[Date "2000.12.10"]
[Round "8"]
[White "Mensch,E"]
[Black "Bozic,Mi"]
[Result "1-0"]
[WhiteElo "2302"]
[BlackElo "2281"]

1.d4 Nf6 2.c4 e6 3.Nc3 Bb4 4.f3 c5 5.d5 b5 6.e4 bxc4 7.Bxc4 exd5 8.Bxd5 Nxd5
9.Qxd5 Nc6 10.Ne2 Ba6 11.Kf2 O-O 12.Rd1 Rc8 13.Be3 Re8 14.Qxd7 Qh4+ 15.Kg1 Re6
16.Bf2 Qh6 17.Ng3 Qg5 18.h4 Qe5 19.Nf5 Qb8 20.Nd5 Rce8 21.Bg3 Bc8 22.Qxc6 Rxc6
23.Bxb8 Bxf5 24.exf5 h6 25.Bg3 Ba5 26.f6 gxf6 27.Rac1 Re2 28.Kf1  1-0

[Event "Czech Extra League 2000-1"]
[Site "CZE"]
[Date "2001.01.13"]
[Round "4"]
[White "Likavsky,T"]
[Black "Poloch,P"]
[Result "1-0"]
[WhiteElo "2428"]
[BlackElo "2324"]

1.d4 Nf6 2.c4 e6 3.Nc3 Bb4 4.f3 c5 5.d5 Bxc3+ 6.bxc3 d6 7.e4 O-O 8.Ne2 Nh5
9.g4 Qh4+ 10.Kd2 Nf6 11.Qe1 Qxe1+ 12.Kxe1 Ne8 13.Ng3 f5 14.gxf5 exf5 15.exf5 Bxf5
16.Nxf5 Rxf5 17.Bh3 Rxf3 18.Bc8 a5 19.Rf1 Rxf1+ 20.Kxf1 Nf6 21.Bf4 Nbd7 22.Bxd7 Nxd7
23.Bxd6 Nb6 24.Bxc5 Nxc4 25.Re1 Rd8 26.Re7 b5 27.Bd4 g6 28.Rg7+ Kf8 29.Rxh7 Rxd5
30.Rc7 Ne5 31.Ke2 Ke8 32.h4 b4 33.Ke3 Nd7 34.Ke4 Rh5 35.Rc8+ Ke7 36.Rh8 Rxh8
37.Bxh8 bxc3 38.Bxc3 a4 39.Kd5 Kd8 40.Kc6 Kc8 41.Bd4 Nb8+ 42.Kd6 Na6 43.Ke6 Nb4
44.Kf7 Kd7 45.Kxg6 Nd5 46.Kf5 Ke7 47.a3 Kf7 48.Ke4 Nc7 49.Kd3 Nb5 50.Bc5  1-0

[Event "XXVI Open"]
[Site "Seville ESP"]
[Date "2001.01.14"]
[Round "3"]
[White "Moskalenko,V"]
[Black "Camacho Calle,P"]
[Result "1-0"]
[WhiteElo "2511"]
[BlackElo "2231"]

1.d4 Nf6 2.c4 e6 3.Nc3 Bb4 4.f3 d5 5.a3 Bxc3+ 6.bxc3 c5 7.cxd5 Nxd5 8.dxc5 Qc7
9.e4 Ne7 10.Be3 e5 11.Bc4 O-O 12.Ne2 Rd8 13.Qb3 Nec6 14.Bd5 Na5 15.Qa2 Nbc6
16.O-O b6 17.cxb6 axb6 18.f4 Ba6 19.fxe5 Rxd5 20.exd5 Bc4 21.Qc2 Qxe5 22.dxc6 Qxe3+
23.Rf2 Nxc6 24.Ng3 Re8 25.Qd2 Qc5 26.Re1 Be6 27.Ne4 Qxa3 28.Ng5 Qc5 29.Nxe6 fxe6
30.Qd7 Rf8 31.Qxe6+ Kh8 32.Qe3  1-0

[Event "Anibal Open"]
[Site "Linares ESP"]
[Date "2001.01.16"]
[Round "9"]
[White "Kobalija,M"]
[Black "Ibragimov,I"]
[Result "1-0"]
[WhiteElo "2581"]
[BlackElo "2571"]

1.d4 Nf6 2.c4 e6 3.Nc3 Bb4 4.f3 d5 5.a3 Bxc3+ 6.bxc3 c6 7.Qc2 Nbd7 8.e4 dxe4
9.fxe4 e5 10.Nf3 c5 11.Bd3 O-O 12.O-O h6 13.d5 Ne8 14.Qf2 Qe7 15.Qg3 Kh7
16.Nh4 Nd6 17.Ra2 Nf6 18.Qe1 Bd7 19.Raf2 Ng8 20.Rb2 b6 21.Qg3 Rae8 22.Rbf2 g5
23.Nf3 f6 24.h4 g4 25.Nxe5 fxe5 26.Rxf8 Rxf8 27.Rxf8 Qxf8 28.Qxe5 b5 29.Qg3 bxc4
30.Bc2 Nf6 31.Qxd6 Qxd6 32.e5+ Kg7 33.exd6 Nxd5 34.Be4 Nf6 35.Bb7 Be6 36.Be3 Nd7
37.h5 Kf6 38.Bxh6 Bf7 39.Kf2 Bxh5 40.Kg3 Ke6 41.Bf4 Kf5 42.Bd5 Be8 43.Bxc4 Nf6
44.Bd3+ Ke6 45.Kh4 Nd5 46.Bc4 Bd7 47.Kg5 a5 48.Bg3 a4 49.Bh2 Bc8 50.Bd3 Kf7
51.Bg6+ Kf8 52.Bg1 c4 53.Bd4 g3 54.Bf5 Bxf5 55.Kxf5 Kf7 56.d7  1-0

[Event "Anibal Open"]
[Site "Linares ESP"]
[Date "2001.01.17"]
[Round "10"]
[White "Kobalija,M"]
[Black "Kacheishvili,G"]
[Result "0-1"]
[WhiteElo "2581"]
[BlackElo "2556"]

1.d4 Nf6 2.c4 e6 3.Nc3 Bb4 4.f3 c5 5.d5 O-O 6.e4 Re8 7.Ne2 d6 8.Bg5 h6 9.Bh4 exd5
10.cxd5 Nbd7 11.Qc2 b5 12.O-O-O Bxc3 13.Nxc3 b4 14.Ne2 Ne5 15.Kb1 a5 16.Bg3 a4
17.Qd2 Ba6 18.Nc1 Qb6 19.Bxa6 Qxa6 20.Bxe5 Rxe5 21.g4 Nd7 22.Rhe1 Re7 23.Nd3 Qb5
24.e5 dxe5 25.Re4 Ra6 26.f4 Rd6 27.Nxe5 Nf6 28.Ree1 Nxd5 29.Qc1 a3 30.Qc4 Qb7
31.Rd3 Nb6 32.Qc2 Rxd3 33.Qxd3 Nd7 34.Qc4 Qg2 35.Qc2 Qa8 36.Qd3 Nxe5 37.fxe5 Re8
38.bxa3 bxa3 39.Ka1 Qa5 40.Qe3 Qb4 41.Rb1 Qxg4 42.Qxc5 Qe2  0-1

[Event "17th Open"]
[Site "Geneva SUI"]
[Date "2001.01.22"]
[Round "3"]
[White "Liardet,F"]
[Black "Buehler,Bea"]
[Result "1-0"]
[WhiteElo "2365"]
[BlackElo "2222"]

1.d4 Nf6 2.c4 e6 3.Nc3 Bb4 4.f3 d5 5.a3 Bxc3+ 6.bxc3 O-O 7.cxd5 exd5 8.e3 b6
9.Bd3 c5 10.Ne2 Bb7 11.O-O Nbd7 12.Ng3 Qc7 13.Ra2 Rfe8 14.Re2 Nf8 15.e4 cxd4
16.e5 N6d7 17.cxd4 Qc3 18.Bb2 Qa5 19.f4 Ba6 20.f5 Bxd3 21.Qxd3 Rac8 22.Nh5 Qa4
23.Nf4 Qc4 24.Qf3 Nb8 25.Nxd5 Nc6 26.Rd2 Rcd8 27.Ne3 Qa4 28.f6 Nxe5 29.dxe5 Rxd2
30.fxg7 Qb3 31.gxf8=Q+ Kxf8 32.Bc1 Rd3 33.Qe4 Rc8 34.e6  1-0

[Event "Open"]
[Site "Ubeda ESP"]
[Date "2001.01.24"]
[Round "4"]
[White "Kobalija,M"]
[Black "Maherramzade,J"]
[Result "1-0"]
[WhiteElo "2581"]
[BlackElo "2459"]

1.d4 Nf6 2.c4 e6 3.Nc3 Bb4 4.f3 d5 5.a3 Bxc3+ 6.bxc3 c5 7.cxd5 Nxd5 8.dxc5 Qa5
9.e4 Nf6 10.Be3 O-O 11.Kf2 Nfd7 12.Qb3 Qc7 13.Qb4 Nc6 14.Qa4 f5 15.exf5 Rxf5
16.Bd3 Nxc5 17.Bxc5 Rxc5 18.Ne2 Bd7 19.Qh4 h6 20.Rhd1 Ne5 21.Be4 Rb5 22.Kg1 Rb2
23.Nf4 Qxc3 24.Qg3 Rd2 25.Re1 Nf7 26.Kh1 Ng5 27.Bxb7 Rf8 28.Ng6 Rd8 29.f4 Qxg3
30.hxg3 Rb8 31.Rab1 Be8 32.Ne5 Nf7 33.Nf3 Rd3 34.Rxe6 Rxa3 35.Kh2 Kf8 36.Bc6 Rd8
37.Bxe8 Rxe8 38.Rc6 Nd8 39.Rd6 Ke7 40.Rbd1 Nf7 41.Rd7+ Kf6 42.Rc1 Ra6 43.Rcc7 Rf8
44.Nd2 g5 45.Ne4+ Kg6 46.f5+ Kxf5 47.Nc5 Rf6 48.Rd5+ Kg6 49.Nd7 Re8 50.Nxf6 Kxf6
51.Rxa7 g4 52.Kg1 Re6 53.Rd4  1-0

[Event "Open"]
[Site "Ubeda ESP"]
[Date "2001.01.25"]
[Round "5"]
[White "Kobalija,M"]
[Black "Psakhis,L"]
[Result "1-0"]
[WhiteElo "2581"]
[BlackElo "2598"]

1.d4 e6 2.c4 Nf6 3.Nc3 Bb4 4.f3 d5 5.a3 Bxc3+ 6.bxc3 c5 7.cxd5 Nxd5 8.dxc5 Qa5
9.e4 Ne7 10.Be3 O-O 11.Qb3 Qc7 12.a4 Nec6 13.Qa3 Na5 14.Bb5 e5 15.Ne2 Be6
16.Ng3 Nd7 17.Nf5 Bxf5 18.exf5 Rac8 19.Rd1 Nxc5 20.O-O b6 21.Rd5 Rfd8 22.Rfd1 Nab7
23.Qa2 Rxd5 24.Rxd5 Rd8 25.g4 Kf8 26.Kg2 Rxd5 27.Qxd5 a5 28.h4 Nd6 29.Bc6 Nc8
30.Bb5 Nd6 31.h5 Nxb5 32.axb5 h6 33.f6 gxf6 34.Bxh6+ Kg8 35.Be3 Ne6 36.Qc6 Qxc6
37.bxc6 a4 38.Bc1 Kf8 39.Ba3+ Ke8 40.h6 Ng5 41.Kf2 Kd8 42.Bd6 a3 43.Bxa3 Kc7
44.Ke3 Kxc6 45.f4 Nh7 46.fxe5 Kd5 47.exf6 Nxf6 48.g5 Nh7 49.Kf4  1-0

[Event "17th Open"]
[Site "Geneva SUI"]
[Date "2001.01.28"]
[Round "9"]
[White "Liardet,F"]
[Black "Becker,T1"]
[Result "1-0"]
[WhiteElo "2365"]
[BlackElo "2215"]

1.d4 e6 2.c4 Nf6 3.Nc3 Bb4 4.f3 Nh5 5.Nh3 f5 6.e4 O-O 7.Bg5 Be7 8.f4 Nf6
9.Bxf6 Bxf6 10.e5 Be7 11.Qd2 d6 12.O-O-O dxe5 13.fxe5 c6 14.Qe3 Qa5 15.Kb1 b5
16.c5 Na6 17.Bd3 Nb4 18.Rhg1 Nxd3 19.Qxd3 b4 20.Ne2 Ba6 21.Qc2 Bxe2 22.Qxe2 Qd8
23.Nf4 Qd7 24.Qc4 Kh8 25.Nxe6 Rfe8 26.Rgf1 Bf8 27.Ng5 g6 28.Qxb4 Qd5 29.Nf3 Rab8
30.Qc3 Bh6 31.h4 Re7 32.b3 Reb7 33.Ka1 Rb4 34.Rb1 a5 35.Rfe1 Bg7 36.Red1 h6
37.Re1 Kh7 38.Qd3 a4 39.bxa4 Rxa4 40.Re2 Rba8 41.Rbb2 Ra3 42.Qc2 R8a4 43.Rd2 Rc4
44.Qb1 Rca4 45.h5 Rxf3 46.hxg6+ Kxg6 47.gxf3 Rxd4 48.Rg2+  1-0

[Event "ch-Pol u20"]
[Site "Brzeg Dolny POL"]
[Date "2001.02.07"]
[Round "1"]
[White "Lagowski,P"]
[Black "Bartel,Mat"]
[Result "1/2-1/2"]
[WhiteElo "2301"]
[BlackElo "2392"]

1.d4 Nf6 2.c4 e6 3.Nc3 Bb4 4.f3 d5 5.a3 Bxc3+ 6.bxc3 c5 7.e3 O-O 8.cxd5 Nxd5
9.Qd2 Nc6 10.e4 Nde7 11.Bb2 f5 12.Bc4 b5 13.Ba2 c4 14.Ne2 fxe4 15.fxe4 Ng6
16.Ng3 Bb7 17.a4 a6 18.Ba3 Rf7 19.Rf1 Rd7 20.Kf2 Qh4 21.Kg1 Nce5 22.Qe1 Ng4
23.h3 Nf6 24.Bb1 Nf4 25.Ra2 Nd3 26.Bxd3 cxd3 27.e5 Ne4 28.Nxe4 Qxe4 29.Qxe4 Bxe4
30.Bc5 Rf7 31.Rxf7 Kxf7 32.a5 h5  1/2-1/2

[Event "ch-ROM Women"]
[Site "Baile Tusnad ROM"]
[Date "2001.02.08"]
[Round "2"]
[White "Gheorhe,C"]
[Black "Cosma,E"]
[Result "1-0"]
[WhiteElo "2121"]
[BlackElo "2343"]

1.d4 Nf6 2.c4 e6 3.Nc3 Bb4 4.f3 c5 5.d5 exd5 6.cxd5 d6 7.e4 O-O 8.Bd3 a6
9.a4 Re8 10.Ne2 Nbd7 11.O-O Ne5 12.Bc2 Bd7 13.Nf4 b5 14.Nd3 Nxd3 15.Qxd3 c4
16.Qd1 Bc5+ 17.Kh1 h6 18.Ne2 Qe7 19.b3 cxb3 20.Bxb3 Rac8 21.Bb2 Nh5 22.Qd3 bxa4
23.Bxa4 f5 24.Bxd7 Qxd7 25.Rxa6 Qb7 26.Bc3 Qf7 27.e5 dxe5 28.d6 Rcd8 29.Rc6 Ba7
30.Rd1 Rd7 31.Ba5 e4 32.fxe4 Rxe4 33.Rc8+ Kh7 34.Rc7 Re3 35.Qc2 Nf6 36.Qxf5+ Qg6
37.Qxg6+ Kxg6 38.Nf4+ Kf5 39.Nd5 Re5 40.Nxf6 Rxd6 41.Rf1+ Kg6 42.Rxa7 Rf5
43.Kg1 Rxf1+ 44.Kxf1 Rxf6+ 45.Ke2 Re6+ 46.Kd3 Kh7 47.Bc3 Rg6 48.g3 Rg4 49.Be5 h5
50.h3 Rg6 51.Ke4 Kh6 52.Bxg7+  1-0

[Event "ch-ROM"]
[Site "Baile Tusnad ROM"]
[Date "2001.02.14"]
[Round "9"]
[White "Danilov,V"]
[Black "Foisor,O"]
[Result "1/2-1/2"]
[WhiteElo "2343"]
[BlackElo "2409"]

1.d4 Nf6 2.c4 e6 3.Nc3 Bb4 4.f3 O-O 5.a3 Bxc3+ 6.bxc3 d5 7.e3 c5 8.cxd5 exd5
9.Bd3 b6 10.Ne2 Ba6 11.O-O Bxd3 12.Qxd3 Qc8 13.e4 Qa6 14.Qxa6 Nxa6 15.Bg5 dxe4
16.Bxf6 exf3 17.Rxf3 gxf6 18.Raf1 cxd4 19.cxd4 Rad8 20.Rg3+ Kh8 21.Rxf6 Rfe8
22.Kf2 Rd7 23.Rh3 Re6 24.Rxe6 fxe6 25.Ke3 Nc7 26.Ke4 Rd5 27.Nf4 Ra5 28.Rg3 Nd5
29.Nxd5 Rxd5 30.Rc3 Ra5 31.Rc6 Kg7 32.Rxe6 Rxa3 33.Kd5 Ra2 34.Re7+ Kg6 35.g3 b5
36.Rb7 a6 37.Rb6+ Kh5 38.Ke6 Re2+ 39.Kd6 Rxh2 40.Rxa6 Kg4  1/2-1/2

[Event "ch-ROM Women"]
[Site "Baile Tusnad ROM"]
[Date "2001.02.20"]
[Round "13"]
[White "Gheorhe,C"]
[Black "Peptan,C"]
[Result "0-1"]
[WhiteElo "2121"]
[BlackElo "2461"]

1.d4 Nf6 2.c4 e6 3.Nc3 Bb4 4.f3 d5 5.a3 Bxc3+ 6.bxc3 c5 7.cxd5 Nxd5 8.Qd3 O-O
9.e4 Ne7 10.Be3 Qa5 11.Kf2 Nbc6 12.f4 f5 13.e5 Nd5 14.Bd2 cxd4 15.cxd4 Qa4
16.Nf3 Rd8 17.Be2 Nb6 18.Be3 Na5 19.Rab1 Nd5 20.Bd2 b6 21.Rhc1 Bb7 22.g4 Ne7
23.Bxa5 Qxa5 24.Rc7 Be4 25.Qc4 Nd5 26.Rb5 Qxa3 27.Ng5 Qe3+ 28.Ke1 Nxc7 29.Qxc7 Rac8
30.Qf7+ Kh8 31.Rc5 Rxc5 32.dxc5 Bd3 33.Qg8+  0-1

[Event "Linklater Mem"]
[Site "San Francisco USA"]
[Date "2001.02.27"]
[Round "2"]
[White "Krechetov,A"]
[Black "Baginskaite,C"]
[Result "1/2-1/2"]
[WhiteElo "2300"]
[BlackElo "2306"]

1.d4 Nf6 2.c4 e6 3.Nc3 Bb4 4.f3 d5 5.a3 Bxc3+ 6.bxc3 c5 7.cxd5 Nxd5 8.dxc5 O-O
9.e4 Ne7 10.Qxd8 Rxd8 11.Nh3 Nbc6 12.Be2 Na5 13.Rb1 e5 14.Nf2 Be6 15.Nd3 Nec6
16.Kf2 Rac8 17.Be3 f5 18.exf5 Bxf5 19.Rbd1 Nc4 20.Bg5 Re8 21.Nb4 Nxa3 22.Nd5 Be6
23.Bc1 Red8 24.Nb6 axb6 25.Bxa3 Rxd1 26.Rxd1 Ra8 27.Bb4 Nxb4 28.cxb4 bxc5
29.bxc5 Rc8 30.Rd6  1/2-1/2

[Event "TCh-SVK"]
[Site "SVK"]
[Date "2001.03.17"]
[Round "10"]
[White "Kantorik,M"]
[Black "Pal,P"]
[Result "1-0"]
[WhiteElo "2289"]
[BlackElo "2254"]

1.d4 Nf6 2.c4 e6 3.Nc3 Bb4 4.f3 c5 5.d5 b5 6.e4 bxc4 7.Bxc4 exd5 8.Bxd5 Nxd5
9.Qxd5 Nc6 10.Ne2 Ba6 11.Be3 Ne7 12.Qd6 Bxe2 13.Kxe2 Qb6 14.Rhd1 Qxd6 15.Rxd6 Nc8
16.Rd3 Bxc3 17.Rxc3 d6 18.e5 dxe5 19.Bxc5 f6 20.Rd1 Nb6 21.Bxb6 axb6 22.Rc7 O-O
23.Rdd7 Rfc8 24.Rxg7+ Kf8 25.Rcf7+ Ke8 26.Rb7 Kf8 27.Rxh7 Kg8 28.Rhg7+ Kh8
29.Ke3 Rxa2 30.Ke4 Rxb2 31.Kf5 e4 32.f4 e3 33.Rh7+ Kg8 34.g3 Rc6 35.Rhe7 Rb5+
36.Kg6 f5+ 37.Kg5 Kf8 38.Rxe3 Rc2 39.h4 Rc6 40.h5 Rd5 41.Re5 Rxe5 42.fxe5 Rc3
43.Kf6 Kg8 44.h6  1-0

[Event "TCh-ROM"]
[Site "Sovata ROM"]
[Date "2001.03.21"]
[Round "1"]
[White "Vioreanu,B"]
[Black "Sebe,F"]
[Result "1/2-1/2"]
[WhiteElo "2315"]
[BlackElo "2297"]

1.d4 Nf6 2.c4 e6 3.Nc3 Bb4 4.f3 d5 5.a3 Bxc3+ 6.bxc3 c5 7.cxd5 Nxd5 8.dxc5 Qa5
9.e4 Ne7 10.Be3 O-O 11.Qb3 Nec6 12.Bb5 Nd7 13.Ne2 Qc7 14.O-O e5 15.Rfd1 Nf6
16.Rd6 Na5 17.Qb4 Be6 18.Rb1 Rfc8 19.Nc1 Rab8 20.Rd2 a6 21.Bf1 Nd7 22.Kh1 h6
23.Bf2 Kh7 24.Nd3 Nc4 25.Rdd1 Qc6 26.Ra1 a5 27.Qb1 b6 28.cxb6 Ndxb6 29.Qc2 Na4
30.Rdc1 Rb7 31.Be2 f6 32.f4 Rcb8 33.fxe5 fxe5 34.Bg3 Rb2 35.Nxb2 Rxb2 36.Qd3 Nc5
37.Qf3 Nd2 38.Qe3 Ncb3 39.Bxe5 Nxa1 40.Rxa1 Nc4 41.Bxc4 Bxc4 42.Qg3 Qg6 43.Re1 a4
44.h3 Qxg3 45.Bxg3 Rb3 46.Bd6 Rxc3 47.e5 Be6 48.Rb1 Rc2 49.Rb4 Bd5 50.Rg4  1/2-1/2

[Event "TCh-ROM"]
[Site "Sovata ROM"]
[Date "2001.03.25"]
[Round "5"]
[White "Jianu,V"]
[Black "Popescu,C"]
[Result "1-0"]
[WhiteElo "2301"]
[BlackElo "2222"]

1.d4 Nf6 2.c4 e6 3.Nc3 Bb4 4.f3 Nh5 5.Nh3 f5 6.e3 Nf6 7.Qb3 c5 8.a3 Bxc3+
9.Qxc3 b6 10.Be2 Nc6 11.O-O d6 12.b4 O-O 13.Bb2 Qc7 14.Nf4 Ne7 15.Rfd1 Bd7
16.dxc5 bxc5 17.bxc5 dxc5 18.Qe5 Rac8 19.Rab1 a5 20.Qxc7 Rxc7 21.Be5 Ra7
22.Bb8 Ra8 23.Bd6 Rfe8 24.Bxc5 g5 25.Nh5  1-0

[Event "TCh-ROM"]
[Site "Sovata ROM"]
[Date "2001.03.25"]
[Round "5"]
[White "Raceanu,V"]
[Black "Vasiesiu,D"]
[Result "1-0"]
[WhiteElo "2379"]
[BlackElo "2439"]

1.d4 Nf6 2.c4 e6 3.Nc3 Bb4 4.f3 d5 5.a3 Bxc3+ 6.bxc3 c5 7.cxd5 exd5 8.e3 Qc7
9.Bb2 O-O 10.Bd3 Re8 11.Kf2 b6 12.Ne2 Ba6 13.Bxa6 Nxa6 14.Qd3 Nb8 15.Ng3 Nc6
16.Rhe1 Rad8 17.Kg1 Na5 18.e4 cxd4 19.cxd4 Qc4 20.Rad1 Qxd3 21.Rxd3 Nc4 22.Bc1 Rc8
23.e5 Nd7 24.f4 Rc6 25.Nf5 g6 26.Nh6+ Kf8 27.f5 f6 28.e6 Nb8 29.g4 Nd6 30.Bf4 Kg7
31.Rde3 Nc4 32.Rh3 g5 33.Bxb8 Rxb8 34.Nf7 Nd2 35.Rd3 Rc2 36.Rxd2 Rxd2 37.Nd6 Rxd4
38.e7 Rxg4+ 39.Kh1 Ra4 40.e8=Q Rxe8 41.Nxe8+ Kf8 42.Nxf6 Rxa3 43.Nd7+ Kg8
44.f6 Rf3 45.Re8+ Kf7 46.Re7+ Kg6 47.Kg2 Rf5 48.f7 Rxf7 49.Ne5+ Kf6 50.Rxf7+ Kxe5
51.Rxa7 Kd4 52.Kf2  1-0

[Event "ch-UKR Women"]
[Site "Kramatorsk UKR"]
[Date "2001.03.28"]
[Round "3"]
[White "Baklanova,T"]
[Black "Kalinina,V"]
[Result "1-0"]
[WhiteElo "2257"]
[BlackElo "2254"]

1.d4 Nf6 2.c4 e6 3.Nc3 Bb4 4.f3 c5 5.d5 d6 6.e4 O-O 7.Ne2 Re8 8.g3 exd5 9.cxd5 Nbd7
10.Bg2 c4 11.O-O Ne5 12.Be3 Nd3 13.b3 Qa5 14.bxc4 Bxc3 15.Qxd3 Bxa1 16.Rxa1 Nd7
17.Qc3 Qc7 18.Nd4 a6 19.a4 Ne5 20.Bf1 Bd7 21.a5 Rac8 22.Rc1 Qd8 23.Bf2 Qf6
24.Be2 Rc7 25.Nb3 Bb5 26.Nd2 Rec8 27.Bd4 Qh6 28.f4 Ng6 29.Qf3 f5 30.exf5 Ne7
31.Bd3 Rf8 32.Bb6 Rcc8 33.Re1 Bxc4 34.Nxc4 Nxf5 35.Qg4 Qf6 36.Qxf5 Qxf5 37.Bxf5 Rxc4
38.Be6+ Kh8 39.Rd1 Rc2 40.Rf1 Ra2 41.Rf2 Ra1+ 42.Kg2 Rc1 43.f5 Rc4 44.h3 h6
45.g4 Kh7 46.Kg3 Kh8 47.Rb2 h5 48.g5 h4+ 49.Kg2 Rc3 50.Bf2 Rb8 51.Rb4  1-0